Molecular and cellular biophysics

Tuszynski introduces undergraduate students in the biological sciences to the application of concepts and techniques from physics in the study of biological systems, focusing here on the smallest units. He covers what life is, the molecules of life, biological cells, and life processes. Chapter-end...

Disgrifiad llawn

Wedi'i Gadw mewn:
Manylion Llyfryddiaeth
Prif Awdur: Tuszynski, J. A.
Fformat: Llyfr
Iaith:Undetermined
Cyhoeddwyd: Boca Raton Chapman & Hall/CRC 2008
Pynciau:
Tagiau: Ychwanegu Tag
Dim Tagiau, Byddwch y cyntaf i dagio'r cofnod hwn!
Thư viện lưu trữ: Trung tâm Học liệu Trường Đại học Cần Thơ
LEADER 00941nam a2200205Ia 4500
001 CTU_134378
008 210402s9999 xx 000 0 und d
020 |c 907000 
082 |a 572 
082 |b T964 
100 |a Tuszynski, J. A. 
245 0 |a Molecular and cellular biophysics 
245 0 |c Jack A. Tuszynski. 
260 |a Boca Raton 
260 |b Chapman & Hall/CRC 
260 |c 2008 
520 |a Tuszynski introduces undergraduate students in the biological sciences to the application of concepts and techniques from physics in the study of biological systems, focusing here on the smallest units. He covers what life is, the molecules of life, biological cells, and life processes. Chapter-end problems are included, as is a glossary without pronunciation indicated. 
650 |a Biophysics.,Molecular biology.,Sinh học phân tử 
904 |i Trọng Hải 
980 |a Trung tâm Học liệu Trường Đại học Cần Thơ